Allies: (Record no. 1802)

MARC details
000 -LEADER
fixed length control field 05581cam a2200829 i 4500
001 - CONTROL NUMBER
control field data
005 - DATE AND TIME OF LATEST TRANSACTION
control field 20260322212119.0
008 - FIXED-LENGTH DATA ELEMENTS--GENERAL INFORMATION
fixed length control field data
035 ## - SYSTEM CONTROL NUMBER
System control number 21699080
010 ## - LIBRARY OF CONGRESS CONTROL NUMBER
LC control number 2020276051
020 ## - INTERNATIONAL STANDARD BOOK NUMBER
International Standard Book Number 9781946511492
Qualifying information (paperback)
020 ## - INTERNATIONAL STANDARD BOOK NUMBER
International Standard Book Number 1946511498
Qualifying information (paperback)
035 ## - SYSTEM CONTROL NUMBER
System control number (OCoLC)1091005691
040 ## - CATALOGING SOURCE
Original cataloging agency YDX
Language of cataloging eng
Transcribing agency YDX
Description conventions rda
Modifying agency DLC
-- NRC
-- OCLCF
-- OBE
-- OCLCO
-- YDXIT
-- OCL
-- GUA
-- OCLCA
-- DLC
042 ## - AUTHENTICATION CODE
Authentication code lccopycat
050 00 - LIBRARY OF CONGRESS CALL NUMBER
Classification number PN51
Item number .A465 2019
082 04 - DEWEY DECIMAL CLASSIFICATION NUMBER
Classification number 809/.93358
Edition information 23
245 00 - TITLE STATEMENT
Title Allies:
Remainder of title a project of Boston Review's Arts in Society Program /
Statement of responsibility, etc. editors-in-chief, Deborah Chasman & Joshua Cohen.
264 #1 - PRODUCTION, PUBLICATION, DISTRIBUTION, MANUFACTURE, AND COPYRIGHT NOTICE
Place of production, publication, distribution, manufacture Cambridge, MA :
Name of producer, publisher, distributor, manufacturer Boston Review,
Date of production, publication, distribution, manufacture, or copyright notice [2019]
300 ## - PHYSICAL DESCRIPTION
Extent 189 pages :
Other physical details illustration :
Dimensions 23 cm.
336 ## - CONTENT TYPE
Content type term text
Content type code txt
Source rdacontent
337 ## - MEDIA TYPE
Media type term unmediated
Media type code n
Source rdamedia
338 ## - CARRIER TYPE
Carrier type term volume
Carrier type code nc
Source rdacarrier
490 0# - SERIES STATEMENT
Series statement Boston Review Forum ;
Volume/sequential designation 12 (44.4)
505 00 - FORMATTED CONTENTS NOTE
Miscellaneous information Editor's note /
Statement of responsibility Vijay Iyer
Title Ally: from noun to verb /
Statement of responsibility Sagit Emit -
Title To the Fordham /
Statement of responsibility Samuel R. Delany -
Title When the climate changed/
Statement of responsibility Samuel R. Delany -
Title All we remember will be forgotten/
Statement of responsibility JR Fenn -
Title Mother, grow my baby /
Statement of responsibility Sabrina Helen Li -
Title Chapati recipe /
Statement of responsibility Noel Cheruto -
Title Say something /
Statement of responsibility Tananarive Due -
Title & /
Statement of responsibility Christopher Kempf -
Title From: the kindreds /
Statement of responsibility Meredith Stricker -
Title From: Mass extinction /
Statement of responsibility Sarah Vap -
Title At the gates, Mikhail makes me a feast of rain and dirt /
Statement of responsibility Hazem Fahmy -
Title Three poems /
Statement of responsibility C.X. Hua -
Title Against travel: a collaboration /
Statement of responsibility Rachel Levitsky
-- Suzanne Goldenberg -
Title Activation instructions//Untitled 3D poem /
Statement of responsibility Amy Sara Carroll -
Title 'Alams from the Black Horse Prision, Tripolic, circa 1981 /
Statement of responsibility Khaled Mattawa -
Title A request /
Statement of responsibility Tess Liem -
Title Another way to love this world /
Statement of responsibility Abdellah Taïa -
Title Translation /
Statement of responsibility Mattilda Bernstein Sycamore -
Title A brief history of the social justice ally /
Statement of responsibility Micki McElya -
Title The privilege of the ally /
Statement of responsibility Rigoberto González -
Title The historian and the revolutionary /
Statement of responsibility Walter Johnson
-- Tef Poe -
Title Solidarity through poetry /
Statement of responsibility Mark Nowak -
Title "We cannot be the same after the Siege" /
Statement of responsibility Roderick Ferguson -
Title Ally: from noun to verb /
Statement of responsibility Vijay Iyer
520 ## - SUMMARY, ETC.
Summary, etc. How do we know who is on our side? Is it possible for someone who is not like us to share our same hopes? Can links forged by empathy or mutual interest match those created by shared experience? What can we gain from alliances that we cannot achieve on our own? These are difficult questions to answer even in intimate settings, and more so in arenas of cultural and political struggle. Through original poetry, fiction, and cultural criticism from renowned writers and newcomers, Allies will offer indispensable insights into issues of trust, bridge-building, difference, and betrayal. Drawing on the prophetic power of the imagination to conjure both the possible dangers and life-giving possibilities of alliances--be they political, private (such as marriage), therapeutic, or even aesthetic (between readers and writers, for example)--Allies will be indispensable reading for our times.
520 ## - SUMMARY, ETC.
Summary, etc. Allies is the first publication of Boston Review's newly inaugurated Arts in Society department. A radical revisioning of the magazine's poetry and fiction, the department unites them--along with cultural criticism and belles lettres--under a project that explores how the arts can speak directly to the most pressing political and civic concerns of our age, from growing inequality to racial and gender regimes, a disempowered electorate, and a collapsing natural world. -- Publisher's website
650 #0 - SUBJECT ADDED ENTRY--TOPICAL TERM
Topical term or geographic name entry element Literature.
650 #0 - SUBJECT ADDED ENTRY--TOPICAL TERM
Topical term or geographic name entry element Politics and literature.
650 #7 - SUBJECT ADDED ENTRY--TOPICAL TERM
Topical term or geographic name entry element Literature.
Source of heading or term fast
Authority record control number or standard number (OCoLC)fst00999953
650 #7 - SUBJECT ADDED ENTRY--TOPICAL TERM
Topical term or geographic name entry element Politics and literature.
Source of heading or term fast
Authority record control number or standard number (OCoLC)fst01069960
655 #7 - INDEX TERM--GENRE/FORM
Genre/form data or focus term Literature.
Source of term fast
Authority record control number or standard number (OCoLC)fst01921716
655 #7 - INDEX TERM--GENRE/FORM
Genre/form data or focus term Literature.
Source of term lcgft
700 1# - ADDED ENTRY--PERSONAL NAME
Personal name McGee, Adam,
Relator term editor
700 1# - ADDED ENTRY--PERSONAL NAME
Personal name Pavlić, Ed,
Relator term editor
700 1# - ADDED ENTRY--PERSONAL NAME
Personal name Shockley, Evie,
Relator term editor
700 1# - ADDED ENTRY--PERSONAL NAME
Personal name Emit, Sagit,
Relator term contributor
700 1# - ADDED ENTRY--PERSONAL NAME
Personal name Regev, Yaron,
Relator term translator
700 1# - ADDED ENTRY--PERSONAL NAME
Personal name Delany, Samuel R.,
Relator term contributor.
700 1# - ADDED ENTRY--PERSONAL NAME
Personal name Li, Sabrina Helen,
Relator term contributor
700 1# - ADDED ENTRY--PERSONAL NAME
Personal name Cheruto, Noel,
Relator term contributor
700 1# - ADDED ENTRY--PERSONAL NAME
Personal name Due, Tananarive,
Dates associated with a name 1966-
Relator term contributor
700 1# - ADDED ENTRY--PERSONAL NAME
Personal name Kempf, Christopher,
Relator term contributor.
700 1# - ADDED ENTRY--PERSONAL NAME
Personal name Stricker, Meredith,
Relator term contributor.
700 1# - ADDED ENTRY--PERSONAL NAME
Personal name Vap, Sarah,
Relator term contributor.
700 1# - ADDED ENTRY--PERSONAL NAME
Personal name Fahmy, Hazem,
Relator term contributor
700 1# - ADDED ENTRY--PERSONAL NAME
Personal name Hua, C.X.,
Relator term contributor
700 1# - ADDED ENTRY--PERSONAL NAME
Personal name Fenn, JR
Relator term contributor
700 1# - ADDED ENTRY--PERSONAL NAME
Personal name Levitsky, Rachel,
Relator term contributor
700 1# - ADDED ENTRY--PERSONAL NAME
Personal name Goldenberg, Suzanne,
Relator term contributor
700 1# - ADDED ENTRY--PERSONAL NAME
Personal name Carroll, Amy Sara,
Relator term contributor
700 1# - ADDED ENTRY--PERSONAL NAME
Personal name Mattawa, Khaled,
Relator term contributor.
700 1# - ADDED ENTRY--PERSONAL NAME
Personal name Liem, Tess,
Dates associated with a name 1985-
Relator term contributor.
700 1# - ADDED ENTRY--PERSONAL NAME
Personal name Taïa. Abdellah,
Relator term contributor
700 1# - ADDED ENTRY--PERSONAL NAME
Personal name DeMarco, Amanda,
Relator term translator.
700 1# - ADDED ENTRY--PERSONAL NAME
Personal name Sycamore, Mattilda Bernstein,
Relator term contributor.
700 1# - ADDED ENTRY--PERSONAL NAME
Personal name McElya, Micki,
Relator term contributor
700 1# - ADDED ENTRY--PERSONAL NAME
Personal name González, Roberto,
Relator term contributor
700 1# - ADDED ENTRY--PERSONAL NAME
Personal name Johnson, Walter,
Relator term interviewee.
700 1# - ADDED ENTRY--PERSONAL NAME
Personal name Poe, Tef,
Relator term interviewee
700 1# - ADDED ENTRY--PERSONAL NAME
Personal name Lyon, Mordecai,
Relator term interviewer
700 1# - ADDED ENTRY--PERSONAL NAME
Personal name Ferguson, Roderick,
Relator term contributor.
700 1# - ADDED ENTRY--PERSONAL NAME
Personal name Iyer, Vijay,
Relator term interviewee.
700 1# - ADDED ENTRY--PERSONAL NAME
Personal name Kelley, Robin D. G.,
Relator term interviewer.
710 2# - ADDED ENTRY--CORPORATE NAME
Corporate name or jurisdiction name as entry element Ford Foundation,
Relator term sponsor.
710 2# - ADDED ENTRY--CORPORATE NAME
Corporate name or jurisdiction name as entry element Cameron Schrier Foundation,
Relator term sponsor
710 2# - ADDED ENTRY--CORPORATE NAME
Corporate name or jurisdiction name as entry element Vernon Oi,
Relator term sponsor
830 #0 - SERIES ADDED ENTRY--UNIFORM TITLE
Uniform title Forum (Cambridge, Mass.) ;
Volume/sequential designation 12.
906 ## - LOCAL DATA ELEMENT F, LDF (RLIN)
a 7
b cbc
c copycat
d 2
e ncip
f 20
g y-gencatlg
925 0# -
-- acquire
-- 1 shelf copy
-- policy default
Holdings
Withdrawn status Lost status Damaged status Not for loan Home library Current library Shelving location Date acquired Total checkouts Full call number Barcode Date last seen Price effective from Koha item type
        Franklin Franklin General stacks 22/03/2026   809/.93358 LOC-FRL-00038 22/03/2026 22/03/2026 Books